| 000 | 00683nam a22002057a 4500 | ||
|---|---|---|---|
| 999 |
_c10848 _d10848 |
||
| 003 | AR-CdUCM | ||
| 008 | 190329b ||||| |||| 00| 0 spa d | ||
| 040 |
_aMUNICIPALIDAD PROVINCIAL DEL CUSCO _cBIBLIOTECA MUNICIPAL DEL CUSCO |
||
| 082 |
_aEP / 808.068 / _bR81 _26ed. |
||
| 100 |
_aRomero, María _927902 |
||
| 245 | _aLos Mejores Versos para Niños / | ||
| 260 |
_aSantiago de Chile : _bEmpresa Editora Zig-Zag, S. A. ; _c1960. |
||
| 300 |
_a300 páginas ; _bIlustraciones _c21cm |
||
| 440 |
_aBiblioteca Infantil _nSerie Azul _927903 |
||
| 505 | _aContenido: Poesía | ||
| 650 |
_aLiteratura infantil _9588 |
||
| 650 |
_aPoesía _9139 |
||
| 942 |
_2ddc _cLIBROS |
||
| 945 | _anom | ||